000 00838 a2200181 4500
003 Nust
005 20230727111622.0
040 _cNust
082 _a621.382,MAR
100 _aJohn Markus
_9103727
245 _aElectronics for communication engineers /
_cJohn Markus
250 _a1st ed.
260 _aNew York
_bMc Graw-Hill
_c1952
300 _a610p
505 _aAmplifiers (Page-1), Antennas (Page-41), Audio (Page-94), Cathode Ray Tubes (Page-149), Components (Page-182), Electronic Music (Page-205), Filters (Page-234), Measurements (Page-264), Microwaves (Page-312), Oscillators (Page-352), Power Supplies (Page-400), Propagation (Page-407), Pulses (Page-430), Receivers (Page-478), Transmission Lines (Page-538), Transmitters (Page-560),
650 _aTelecommunications engineering.
_958485
942 _2ddc
_cBK
_k621.382,MAR
999 _c182555
_d182555